| 000 | 00940nam a22003017i 4500 | ||
|---|---|---|---|
| 003 | EG-ScBUE | ||
| 005 | 20230116120124.0 | ||
| 008 | 090209t2005 gw a f 000 0 eng d | ||
| 020 | _a382284182X (pbk.) | ||
| 020 | _a9783822841822 | ||
| 040 |
_aEG-ScBUE _beng _erda _cEG-ScBUE _dEG-ScBUE |
||
| 041 | 0 |
_aeng _afre _ager |
|
| 082 | 0 | 4 |
_222 _a747.79 _bLOF |
| 245 | 0 | 4 |
_aThe big book of lofts = _bLe grand livre des lofts = Das grosse Loftbuch. |
| 246 | 3 | 1 | _aGrand livre des lofts |
| 246 | 3 | 1 | _aDas grosse Loftbuch |
| 264 | 1 |
_aKöln : _bEvergreen, _c[2005] |
|
| 264 | 4 | _cc2005 | |
| 300 |
_a382 pages : _billustrations (chiefly color) ; _c26 cm |
||
| 336 |
_2rdacontent _atext _btxt |
||
| 337 |
_2rdamedia _aunmediated _bn |
||
| 338 |
_2rdacarrier _avolume _bnc |
||
| 546 | _aText in English, French and German. | ||
| 650 | 7 |
_aArchitecture _xDesigns and plans. _2BUEsh |
|
| 653 | _bENGARC | ||
| 655 | _vReading book | ||
| 942 |
_2ddc _cBB |
||
| 999 |
_c10772 _d10772 |
||